Car Brand Logos - Statistics

General Stats
  • This quiz has been taken 156 times
  • The average score is 13 of 15
Answer Stats
Picture Answer % Correct
Tesla
99%
Toyota
98%
Audi
97%
Ferrari
97%
Volkswagen
96%
Hyundai
95%
Bentley
90%
Skoda
87%
Peugeot
86%
Citroën
81%
Maserati
81%
Ram
79%
Opel
77%
Rolls Royce
74%
Genesis
51%
No matching quizzes found
Score Distribution
Percent of People with Each Score
Percentile by Number Answered
Your Score History
You have not taken this quiz